000 00847nam a22002057a 4500
999 _c7946
_d7946
003 AR-CdUCM
008 190321b ||||| |||| 00| 0 spa d
040 _aMUNICIPALIDAD PROVINCIAL DEL CUSCO
_cBIBLIOTECA MUNICIPAL DEL CUSCO
082 _a636.5 /
_bG11
100 _aGabriel, Alberto San
_922455
245 _aExplotación y manejo de aves de puesta en baterías /
260 _aBarcelona :
_bAedos,
_c1967.
300 _a245 páginas ;
_bIlustraciones,
_c20 cm.
505 _aCría y recría de las aves destinadas a baterías -- Sistemas de gallineros para la explotación en baterías -- Ideas generales sobre la estructuración de granjas de producción de huevos en baterías -- Sistemas de baterías ...
650 _aSistema de cría
_922456
650 _aAves
_92630
650 _aGranjas
_921036
942 _2ddc
_cLIBROS
945 _aacv